<?xml version="1.0" encoding="UTF-8"?><?xml-stylesheet type="text/xsl" href="static/style.xsl"?><OAI-PMH xmlns="http://www.openarchives.org/OAI/2.0/" xmlns:xsi="http://www.w3.org/2001/XMLSchema-instance" xsi:schemaLocation="http://www.openarchives.org/OAI/2.0/ http://www.openarchives.org/OAI/2.0/OAI-PMH.xsd"><responseDate>2026-04-14T04:48:22Z</responseDate><request verb="GetRecord" identifier="oai:www.recercat.cat:2117/350626" metadataPrefix="marc">https://recercat.cat/oai/request</request><GetRecord><record><header><identifier>oai:recercat.cat:2117/350626</identifier><datestamp>2025-07-23T05:07:18Z</datestamp><setSpec>com_2072_1033</setSpec><setSpec>col_2072_452951</setSpec></header><metadata><record xmlns="http://www.loc.gov/MARC21/slim" xmlns:dcterms="http://purl.org/dc/terms/" xmlns:xsi="http://www.w3.org/2001/XMLSchema-instance" xmlns:doc="http://www.lyncode.com/xoai" xsi:schemaLocation="http://www.loc.gov/MARC21/slim http://www.loc.gov/standards/marcxml/schema/MARC21slim.xsd">
   <leader>00925njm 22002777a 4500</leader>
   <datafield ind2=" " ind1=" " tag="042">
      <subfield code="a">dc</subfield>
   </datafield>
   <datafield ind2=" " ind1=" " tag="720">
      <subfield code="a">Espeja Franqués, Xavier</subfield>
      <subfield code="e">author</subfield>
   </datafield>
   <datafield ind2=" " ind1=" " tag="260">
      <subfield code="c">2021-07-13</subfield>
   </datafield>
   <datafield ind2=" " ind1=" " tag="520">
      <subfield code="a">L’objectiu principal d’aquest projecte era l’elaboració d’una guia ràpida d’ANSYS Fluent per a estudiants de l’assignatura de Termotècnia impartida a l’ETSEIB durant el Q7.Per poder realitzar dita guia, s’han seguit una sèrie de passos per donar-li rigor i veracitat. En primer lloc, en la memòria, s’han exposat els dos casos d’estudi dels quals després s’ha fet la guia per a futurs estudiants. La metodologia que s’ha seguit ha sigut la mateixa per ambdós casos: plantejament d’un problema senzill propi de l’assignatura; en segon lloc el seu càlcul analític; després la simulació amb el software en qüestió; i, finalment, la comprovació dels dos resultats per veure si coincidien i d’aquesta manera donar per bona la simulació. El primer cas d’estudi que s’ha treballat ha sigut l’estudi de les capes límits tèrmiques i hidrodinàmiques sobre una placa plana a diferents velocitats. El principal objectiu d’aquest cas era veure l’evolució de la capa límit en funció de diferents velocitats. Per a comprovar que la simulació, i en conseqüència la guia, eren correctes, s’ha contrastat el valor de la calor obtinguda a l’ANSYS amb el que es correspondria teòricament a aquella velocitat. Al comprovar que els valors eren pràcticament els mateixos (variacions menors al 4%) s’ha donat per bo l’estudi i la primera part de la guia relacionada amb aquest cas. El segon s’ha basat en l’estudi d’un bescanviador de calor (1,1) a contracorrent. Aquí el què es buscava era poder arribar plasmar de manera gràfica els comportaments teòrics vistos a l’assignatura. S’han extret gràfics de l’evolució de la temperatura dels fluids en diferents plans, s’ha calculat també la temperatura final dels dos fluids... Per donar-li veracitat, com en el cas anterior, s’ha fet un càlcul analític previ per trobar les temperatures finals. Finalment s’han contrastat els valors i s’ha vist que les variacions entre els valors de la simulació i els teòrics eren menors al 1%. Finalment, al veure que les dues simulacions eren correctes, s’ha elaborat una guia per als futurs estudiants de l’assignatura</subfield>
   </datafield>
   <datafield ind2=" " ind1=" " tag="520">
      <subfield code="a">Objectius de Desenvolupament Sostenible::4 - Educació de Qualitat::4.3 - Per a 2030, assegurar l’accés en condicions d’igualtat per a tots els homes i dones a una formació tècnica, professional i superior de qualitat, inclòs l’ensenyament universitari</subfield>
   </datafield>
   <datafield tag="653" ind2=" " ind1=" ">
      <subfield code="a">Àrees temàtiques de la UPC::Enginyeria mecànica</subfield>
   </datafield>
   <datafield tag="653" ind2=" " ind1=" ">
      <subfield code="a">Heat engineering -- Study and teaching -- Software</subfield>
   </datafield>
   <datafield tag="653" ind2=" " ind1=" ">
      <subfield code="a">Heat -- Convection -- Computer simulation</subfield>
   </datafield>
   <datafield tag="653" ind2=" " ind1=" ">
      <subfield code="a">Termotècnia -- Ensenyament -- Programari</subfield>
   </datafield>
   <datafield tag="653" ind2=" " ind1=" ">
      <subfield code="a">Calor -- Convecció -- Simulació per ordinador</subfield>
   </datafield>
   <datafield ind2="0" ind1="0" tag="245">
      <subfield code="a">Disseny d'una Guia ràpida d'ANSYS Fluent per l'assignatura de Termotècnia. Casos pràctics</subfield>
   </datafield>
</record></metadata></record></GetRecord></OAI-PMH>